00330nam a2200145Ia 4500003000500000008004100005020001800046040001900064082000700083100002100090245001900111260003400130300000800164546001200172STCL181203s9999 xx 000 0 und d a9780571230556 aSTCLbENcSTCL 222 aMistry, Rohinton 0aFamily Matters bFaber and FaberaLondonc2006 a500 aEnglish